Webové stránky z matematiky - doplňujúci zdroj získavania poznatkov

Podrobná bibliografia
Hlavný autor: Hornyák Gregáňová, Radomíra, 1974- (Autor)
Médium: Článok
Jazyk:slovenčina
Fyzický popis:Obr.
ISBN:8080508968
Predmet:

MARC

LEADER 00000nab a2200000 a 4500
001 vtls009159713
003 SK-MaSNL
005 20260304153017.0
008 250506c2005 xo |||||||||||000 b|slo
015 |a SNBRA2007/11  |2 snkbucl 
035 |a (uuid)e9912547-7485-489a-ae23-759506aef843 
035 |a urn:nbn:sk:snk-ab115n 
035 |a (urnnbn)urn:nbn:sk:snk:ar-004yho 
038 |a SNKBUCL 
040 |a SNKBUCL  |b slo  |c SNKBUCL  |e AACR2 
041 0 |a slo  |b eng 
044 |a xo  |c SK 
080 |a 51:371.3:004.738.12  |2 2001 
080 |a 371.3:004  |2 2001 
080 |a 004.738.12:004.41  |2 2001 
100 1 |a Hornyák Gregáňová, Radomíra,  |d 1974-  |4 aut  |9 188634 
245 1 0 |a Webové stránky z matematiky - doplňujúci zdroj získavania poznatkov  |c Radomíra Gregáňová 
300 |b Obr. 
504 |a Bibliogr. odkazy 
546 |a Res. angl. 
650 0 7 |a matematika  |2 SNKPH  |9 70174 
650 0 7 |a e-learning  |2 SNKPH  |9 28660 
650 0 7 |a webové stránky  |2 SNKPH  |9 2008 
650 0 7 |a webový dizajn  |2 SNKPH  |9 70314 
773 0 |t Acta mathematica 8  |d Nitra : Fakulta prírodných vied UKF, 2005  |g S. 149-153  |z 8080508968 
850 |a Slovenská národná knižnica 
852 |a Slovenská národná knižnica 
954 |a odborná, vedecká literatúra pôvodná (slovenská)  |2 lita 
958 |a article27 
958 |a NB 
958 |a OND 
958 |a EUIPO 
999 |c 2952074  |d 2954004